Every D1 Football Team on a Map - Statistics

General Stats
  • This quiz has been taken 97 times
  • The average score is 129 of 265
Answers on the Map
Answers color-coded by a green-red scale on the quiz's map according to % correct below.
 
Answer Stats
Answer: % Correct
Arizona
88%
Washington
88%
Arizona State
86%
Iowa
85%
Iowa State
85%
Oregon
85%
Texas
85%
Montana
83%
Oklahoma
83%
Oregon State
83%
Utah
83%
Michigan
81%
Nevada
81%
New Mexico
81%
Oklahoma State
81%
Washington State
81%
Alabama
80%
Arkansas
80%
Hawaii
80%
Idaho
80%
Ole Miss
80%
UCLA
80%
Utah State
80%
Wisconsin
80%
Boise State
78%
Colorado
78%
Florida
78%
Georgia
78%
Kansas
78%
Maine
78%
Miami
78%
Miami (OH)
78%
Michigan State
78%
Minnesota
78%
Missouri
78%
Nebraska
78%
Ohio
78%
San Diego
78%
South Dakota
78%
Texas Tech
78%
USC
78%
BYU
76%
Illinois
76%
New Mexico State
76%
North Dakota
76%
Ohio State
76%
Wyoming
76%
Kansas State
75%
Montana State
75%
Penn
75%
Tennessee
75%
Texas A&M
75%
Arkansas State
73%
Florida State
73%
LSU
73%
Penn State
73%
Sam Houston
73%
Indiana
71%
Kentucky
71%
Louisiana
71%
Mississippi State
71%
North Carolina
71%
Virginia
71%
West Virginia
71%
Houston
69%
Idaho State
69%
South Dakota State
69%
UNLV
69%
UTEP
69%
Harvard
68%
Missouri State
68%
NC State
68%
Pittsburgh
68%
San Diego State
68%
South Carolina
68%
Stanford
68%
Auburn
66%
Georgia Tech
66%
Southern
66%
Virginia Tech
66%
Boston College
64%
Buffalo
64%
Central Michigan
64%
Connecticut
64%
Duke
64%
Army
63%
California
63%
Georgia State
63%
North Dakota State
63%
Notre Dame
63%
Western Michigan
63%
Air Force
61%
Alabama State
61%
Eastern Michigan
61%
Louisville
61%
Maryland
61%
Memphis
61%
Navy
61%
South Florida
61%
Tulane
61%
Tulsa
61%
New Hampshire
59%
San Jose State
59%
Central Florida
58%
Delaware
58%
Florida Atlantic
58%
Northwestern
58%
Syracuse
58%
TCU
58%
Akron
56%
Illinois State
56%
Massachusetts
56%
Vanderbilt
56%
Yale
56%
Cincinnati
54%
Clemson
54%
Indiana State
54%
Sacramento State
54%
Texas State
54%
Toledo
54%
Baylor
53%
Georgia Southern
53%
Purdue
53%
Rutgers
53%
UTSA
53%
Brown
51%
Coastal Carolina
51%
Louisiana Tech
51%
Eastern Washington
49%
Fresno State
49%
Northern Illinois
49%
Princeton
49%
Rice
49%
SMU
49%
Southern Miss
49%
Temple
49%
Tennessee State
49%
UAB
49%
Western Kentucky
49%
Dartmouth
47%
East Carolina
47%
James Madison
47%
Middle Tennessee
47%
Northern Arizona
47%
North Texas
47%
Rhode Island
47%
Colorado State
46%
Columbia
46%
Cornell
46%
Kent State
46%
Wake Forest
46%
Charlotte
44%
FIU
44%
Kennesaw State
44%
Old Dominion
44%
Alabama A&M
42%
Ball State
42%
Jackson State
42%
LA Monroe
42%
Portland State
42%
South Carolina State
42%
Appalachian State
41%
Bowling Green
41%
Jacksonville State
41%
Liberty
41%
Marshall
41%
Southern Utah
41%
Dayton
39%
Florida A&M
39%
South Alabama
39%
Central Arkansas
37%
Eastern Kentucky
37%
Richmond
37%
Southern Illinois
37%
Delaware State
36%
Villanova
36%
Cal Poly
34%
East Tennessee
34%
Troy
34%
Youngstown State
34%
Albany
32%
Georgetown
32%
Northern Iowa
32%
Texas Southern
32%
UC Davis
32%
Utah Tech
32%
Duquesne
31%
Eastern Illinois
31%
Norfolk State
31%
Northern Colorado
31%
Tennessee Tech
31%
William & Mary
31%
Abilene Christian
29%
Lamar
29%
Weber State
29%
Western Illinois
29%
Arkansas-Pine Bluff
27%
Chattanooga
27%
Drake
27%
Butler
25%
Elon
25%
Grambling State
25%
Lafayette
25%
North Carolina A&T
25%
Stephen F. Austin
25%
St. Thomas
25%
Tarleton State
25%
Western Carolina
25%
Central Connecticut
24%
Fordham
24%
Holy Cross
24%
Lehigh
24%
North Alabama
24%
The Citadel
24%
Colgate
22%
Valparaiso
22%
Southeast Missouri State
20%
UTRGV
20%
VMI
20%
Alcorn State
19%
Charleston Southern
19%
Furman
19%
Mercer
19%
New Haven
19%
North Carolina Central
19%
Stetson
19%
UT Martin
19%
Bethune-Cookman
17%
Davidson
17%
Houston Christian
17%
Howard
17%
LIU
17%
McNeese
17%
Northwestern State
17%
Sacred Heart
17%
Stony Brook
17%
Bucknell
15%
East Texas A&M
15%
Hampton
15%
Incarnate Word
15%
Mississippi Valley State
15%
Monmouth
15%
Murray State
15%
Prairie View A&M
15%
Stonehill
15%
West Georgia
15%
Austin Peay
14%
Bryant
14%
Campbell
14%
Lindenwood
14%
Marist
14%
Merrimack
14%
Saint Francis
14%
Samford
14%
Southeastern Louisiana
14%
Wofford
14%
Mercyhurst
12%
Morehead State
12%
Nicholls
12%
Presbyterian
12%
Towson
12%
Wagner
12%
Gardner-Webb
10%
Morgan State
10%
Robert Morris
8%
No matching quizzes found
Score Distribution
Percent of People with Each Score
Percentile by Number Answered
Your Score History
You have not taken this quiz